000 01434nam a2200349 i 4500
003 DO-SdBNP
005 20241025142413.0
006 a||||gr|||| 00| 0
007 ta
008 210824e2018 dr ac||gr|||| 001 edspa d
020 _a9789945912371
040 _aDO-SdBNP
_bspa
_cBNPHU
_erda
041 _aspa
082 4 _a796.357097293
_bB175á
_222
100 1 _964161
_aBaldayac, Rafael
_eautor
_4aut.
245 1 0 _aÁguilas cibaeñas :
_bsus grandes triunfos /
_cRafael Baldayac; Piero Espinal Estévez, editor; fotografías, Tony Núñez, Aneudy Tavárez, Alberto Morel y Onelio Domínguez.
264 4 _aSan José de las Matas, República Dominicana :
_bCOOPMEDICA,
_bEditora Opus,
_c©2018
300 _a461 páginas :
_bilustraciones, fotografías ;
_c23 cm.
336 _atexto
_btxt
_2rdacontent
337 _asin mediación
_bn
_2rdamedia
338 _avolumen
_bnc
_2rdacarrier
504 _aBibliografía: página 461
590 _aInventariado 2024 / MF
650 4 _aBéisbol
_948344
_zRepública Dominicana
_zCibao
700 1 _930785
_aEspinal Estévez, Piero,
_d1947-
_eeditor.
_4ed.
700 _aNúñez, Tony,
_977999
_efotografías
_4fot.
700 1 _aTavárez, Aneudy,
_efotografía
_986213
_4fot.
700 1 _aMorel, Alberto,
_976984
_efotografías
_4fot.
700 1 _aDomínguez, Onelio,
_efotografías
_986214
_4fot
710 _973182
_aCooperativa Médica de Santiago de Servicios Múltiples.
942 _2ddc
_cLBS1
999 _c50260
_d50260